Serengeti shall not die, (Record no. 738)

MARC details
000 -LEADER
fixed length control field 00905cam a22002771 4500
001 - CONTROL NUMBER
control field 2166475
003 - CONTROL NUMBER IDENTIFIER
control field OSt
005 - DATE AND TIME OF LATEST TRANSACTION
control field 20230606154612.0
008 - FIXED-LENGTH DATA ELEMENTS--GENERAL INFORMATION
fixed length control field 850924s1961 nyua 000 0 eng
010 ## - LIBRARY OF CONGRESS CONTROL NUMBER
LC control number 61006001
040 ## - CATALOGING SOURCE
Original cataloging agency DLC/ICU
Transcribing agency ICU
Modifying agency DLC
041 1# - LANGUAGE CODE
Language code of text/sound track or separate title eng
Language code of original ger
043 ## - GEOGRAPHIC AREA CODE
Geographic area code f-tz---
050 00 - LIBRARY OF CONGRESS CALL NUMBER
Item number G713 1961
082 00 - DEWEY DECIMAL CLASSIFICATION NUMBER
Classification number 599.09
Item number GRZ
100 1# - MAIN ENTRY--PERSONAL NAME
Personal name Grzimek, Bernhard.
240 10 - UNIFORM TITLE
Uniform title Serengeti darf nicht sterben.
Language of a work English
245 10 - TITLE STATEMENT
Title Serengeti shall not die,
Statement of responsibility, etc. by Bernhard and Michael Grzimek. With an introd. by Alan Moorehead. Translated from the German by E.L. and D. Rewald.
250 ## - EDITION STATEMENT
Edition statement [1st American ed.].
260 ## - PUBLICATION, DISTRIBUTION, ETC. (IMPRINT)
Place of publication, distribution, etc. New York,
Name of publisher, distributor, etc. Dutton
Date of publication, distribution, etc. [1961].
300 ## - PHYSICAL DESCRIPTION
Extent 344 p.
Other physical details illus.
Dimensions 24 cm.
650 #0 - SUBJECT ADDED ENTRY--TOPICAL TERM
Topical term or geographic name as entry element Animals
Geographic subdivision Tanzania
-- Serengeti National Park.
700 1# - ADDED ENTRY--PERSONAL NAME
Personal name Grzimek, Michael,
Dates associated with a name 1934-1959,
Relator term joint author.
906 ## - LOCAL DATA ELEMENT F, LDF (RLIN)
a 7
b cbc
c orignew
d u
e ocip
f 19
g y-gencatlg
942 ## - ADDED ENTRY ELEMENTS (KOHA)
Source of classification or shelving scheme Dewey Decimal Classification
Koha item type Books
Holdings
Withdrawn status Lost status Source of classification or shelving scheme Damaged status Not for loan Home library Current library Date acquired Total Checkouts Full call number Barcode Date last seen Price effective from Koha item type
    Dewey Decimal Classification     Bunge Tower Library Bunge Tower Library 06/06/2023   599.09 GRZ 602 06/06/2023 06/06/2023 Books
LIBRARY OPENING HOURS

When the Parliament is sitting: 8.00a.m - 7.00p.m or until the house adjourns
Mondays and Fridays and when the House is on Recess:  8.00a.m - 5.00p.m
Closed on Weekends and Public Holidays

Online Public Access Catalog (OPAC)
Website: http://www.parliament.go.ke
Bunge Library: https://libraryir.parliament.go.ke
Contact: library@parliament.go.ke | Tel no: (254-2)2221291 or 2848000 Ext 5043